000 00258nam a22001217a 4500
008 170131b xxu||||| |||| 00| 0 eng d
041 _aeng
080 _224TH
_a61
100 _a3
101 _aSHMI
245 _aMEDICAL DICTIONARY
_cDORLAND
942 _2udc
_cBK
999 _c4126
_d4126